00389nam a2200145Ia 4500008004100000040001900041041001200060082002900072100001900101245003500120260003900155300002100194650001800215850001000233131103s9999 xx 000 0 und d aLoreto College aEnglish a891.433/SOBbLCLIB/31066 aSobati,Krishna aMitro MarjaniecKrishna Sobati aNew DelhibRajkamal Prakasanc1979 a111 p. c 18 cm. aHindi Fiction aLCLIB